Blue or Red - Statistics

General Stats
  • This quiz has been taken 25 times
  • The average score is 9 of 10
Answer Stats
Question Answer % Correct
Ultramarine Blue
100%
Maroon Red
100%
Scarlet Red
100%
Azure Blue
96%
Cerulean Blue
96%
Burgundy Red
96%
Crimson Red
96%
Periwinkle Blue
79%
Garnet Red
79%
Vermillion Red
67%
No matching quizzes found
Score Distribution
Percent of People with Each Score
Percentile by Number Answered
Your Score History
You have not taken this quiz